000 01071pam a2200277 a 4500
001 29554
005 20230410143535.0
008 940223s1994 ncuab b 001 0 eng
035 _9(DLC) 94004913
035 _a4431556
942 _2lcc
_cbk
010 _a94004913
020 _a080782173X (alk. paper)
020 _a0807844845 (pbk. : alk. paper)
040 _aDLC
_cDLC
_dDLC
043 _an-us---
050 1 4 _aT 21
_bE12 1994
082 0 0 _a303.48/3/0973
_220
245 0 0 _aEarly American technology :
_bmaking and doing things from the colonial era to 1850 /
_cedited by Judith A. McGaw.
260 _aChapel Hill :
_bPublished for the Institute of Early American History and Culture, Williamsburg, Virginia, by the University of North Carolina Press,
_cc1994.
300 _ax, 482 p. :
_bill., maps ;
_c25 cm.
504 _aIncludes bibliographical references (p. 358-460) and index.
650 0 _aTechnology
_zUnited States
_xHistory
_y18th century.
650 0 _aTechnology
_zUnited States
_xHistory
_y19th century.
700 1 _aMcGaw, Judith A.,
_d1946-
999 _c103552
_d103552